Pengenalan kepada undang-undang komersial di Malaysia / (Record no. 1898)

000 -LEADER
fixed length control field nam a22 a 4500
003 - CONTROL NUMBER IDENTIFIER
control field AKMAL
005 - DATE AND TIME OF LATEST TRANSACTION
control field 20170512114853.0
008 - FIXED-LENGTH DATA ELEMENTS--GENERAL INFORMATION
fixed length control field 170512s2001 my l 00 may d
020 ## - INTERNATIONAL STANDARD BOOK NUMBER
International Standard Book Number 9678911558 (kkt.):
Terms of availability RM35.00
040 ## - CATALOGING SOURCE
Original cataloging agency AKMAL
082 ## - DEWEY DECIMAL CLASSIFICATION NUMBER
Classification number 346.59507 PEN
090 00 - LOCALLY ASSIGNED LC-TYPE CALL NUMBER (OCLC); LOCAL CALL NUMBER (RLIN)
Classification number (OCLC) (R) ; Classification number, CALL (RLIN) (NR) 346.59507
Local cutter number (OCLC) ; Book number/undivided call number, CALL (RLIN) PEN
245 00 - TITLE STATEMENT
Title Pengenalan kepada undang-undang komersial di Malaysia /
Statement of responsibility, etc. suntingan Sakina Shaik Ahmad Yusoff
260 ## - PUBLICATION, DISTRIBUTION, ETC.
Place of publication, distribution, etc. Selangor
300 00 - PHYSICAL DESCRIPTION
Extent xii, 150ms. ;
Dimensions 23cm
504 ## - BIBLIOGRAPHY, ETC. NOTE
Bibliography, etc. note Includes bibliographical references
650 #0 - SUBJECT ADDED ENTRY--TOPICAL TERM
Topical term or geographic name entry element Commercial law
Geographic subdivision Malaysia
9 (RLIN) 3703
650 #0 - SUBJECT ADDED ENTRY--TOPICAL TERM
Topical term or geographic name entry element Business law
Geographic subdivision Malaysia
9 (RLIN) 3800
700 0# - ADDED ENTRY--PERSONAL NAME
Personal name Sakina Shaik Ahmad Yusoff
9 (RLIN) 3942
942 ## - ADDED ENTRY ELEMENTS (KOHA)
Source of classification or shelving scheme
Koha item type Book
Holdings
Withdrawn status Lost status Source of classification or shelving scheme Damaged status Not for loan Collection code Home library Current library Shelving location Date acquired Inventory number Total Checkouts Full call number Barcode Date last seen Price effective from Koha item type
          NON-FICTION AKMAL Melaka AKMAL Melaka PINJAMAN 12.05.2017 305007   346.59507 PEN 201705985 12.05.2017 12.05.2017 Book
          NON-FICTION AKMAL Melaka AKMAL Melaka PINJAMAN 12.05.2017 305008   346.59507 PEN 201705984 12.05.2017 12.05.2017 Book
Pusat Sumber Maklumat Dato' Haji Sarmin Md Hussin, Akademi Kastam Diraja Malaysia, Melaka
Tel: 06-2331106 | Faks: 06-2313787